01420 a2200193 45000010006000000050017000060080041000230030015000640400040000790800055001192450095001740200018002692640026002873000019003135050749003320410008010811000038010898560099011274567020260407155728.0260407a2003 arg spa dAR-UNSa-BCEJYS aAR-UNSa-BCEJYSbspacAR-UNSa-BCEJYS a331.5(892)xMercado de Trabajo. Empleo en Paraguay10aParaguaypEmpleo y protección social. Desafíos institucionales para reducir la pobreza a92-2-314290-3 1aSantiago :bOITc2003 a384 p.c23 cm. a1. Mercado de trabajo, instituciones y pobreza: Interrelaciones y desafíos en Paraguay / Fabio Bertranou, Andrés Marinakis y Gerhard Reinecke - 2. Mercado laboral en el Paraguay / Jaime Gatica y Carlos Carrera - 3. El régimen de salarios mínimos / Mario Damill y Roberto Frenkel - 4. MIPYMES: Diagnóstico y políticas para su formalización/ Dionisio Borda - 5. Cobertura de la protección social en salud, jubilaciones y pensiones / Andrea Sánchez - 6. Análisis de las reformas propuestas al sistema de jubilaciones y pensiones /Rodolfo Saldain - 7. Evaluación actuarial y proyecciones 2000-2050 del régimen de jubilaciones y pensiones administrado por el Instituto de Previsión Social / Carlos Grushka y Debora Altieri. aspa1 aOficina Internacional del Trabajo41uhttps://www.biblioeco.unsa.edu.ar/pmb/images/libros/L127161.jpgyImagen de portadaqimage/jpeg